Statistics for Artists by Pictures of Artwork 2

Click here to take the quiz!

General Stats

  • This quiz has been taken 1,005 times
  • The average score is 8 of 20

Answer Stats

Answer% Correct
Frida Kahlo
89%
Leonardo da Vinci
86%
Gustav Klimt
81%
Pablo Picasso
80%
Sandro Botticelli
76%
Rembrandt
70%
Pierre-Auguste Renoir
52%
Georges Seurat
45%
Edouard Manet
39%
Francisco Goya
37%
Hans Holbein
33%
Jan van Eyck
32%
Caravaggio
30%
Hokusai
28%
Henri Rousseau
16%
Alphonse Mucha
11%
Peter Paul Rubens
11%
Hilma af Klint
3%
Margaret Macdonald
2%
Frédéric Bazille
1%

Score Distribution

Percentile by Number Answered

Percent of People with Each Score

Your Score History

You have not taken this quiz